000 00611nam a2200205Ia 4500
003 IN-BaIIA
008 211028s9999 xx 000 0 eng d
020 _a0-7503-0498-7
040 _cIIA Library
080 _a524.3-17
_bKIT
100 _aKitchin, C. R.
_913740
245 0 _aAstrophysical techniques
_cC. R. Kitchin
250 _a3rd ed.
260 _aBristol
_bInstitute of Physics
_c1998
300 _axv, 474p.
650 _aastronomical techniques
_91786
650 _aastrophysical techniques
_913741
700 _aBurbidge, G., ed
_914854
942 _cBK
999 _c13832
_d13832